• 首页
  • 本馆介绍
  • 公告通知
  • 最新文献
  • 馆藏检索
  • 电子资源
  • 读者导购
  • 参考咨询
  • 我的图书馆
  • 登录
  • 详细信息显示
  • 放入我的书架
  • 预约/预借图书
  • 作者相关作品
  • 分类相关作品
  • 丛书相关作品
  • 出版社相关作品

书目信息

  • 表格格式
  • 工作单格式
  • 卡片格式
题名:
叙事的诗学
    
 
作者: 祖国颂 著
分册:  
出版信息: 合肥   安徽大学出版社  2003
页数: 418页
开本: 20cm
丛书名:
单 册:
中图分类: I054
科图分类:
主题词: 小说--叙述--文学研究 , 叙述 , 文学研究 , 小说
电子资源:
ISBN: 7-81052-718-5
000 00822nam0 2200253 450
001 070025589950
005 20050927151035.32
010    @a7-81052-718-5@dCNY22.00
100    @a20050122d2003 ekmy0chiy0120 ea
101 0  @achi
102    @aCN@b340000
105    @ay z 000yy
200 1  @a叙事的诗学@9xu shi de shi xue@f祖国颂著@Fzu guo song zhu
210    @a合肥@c安徽大学出版社@d2003
215    @a418页@d20cm
330    @a该书分别讨论了作为交际型的叙述话语及其发生过程中的主体存在问题;小说的故事意义、小说的文学性、文学的符号性等问题;叙述的发生及结构、小说的叙述视角、小说的叙述人称等诸多内容。
606 0  @a小说@x叙述@x文学研究
606 0  @a叙述
606 0  @a文学研究
606 0  @a小说
690    @aI054@v4
701  0 @a祖国颂@Azu guo song@4著
801  0 @aCN@bTSSF@c20050927
905    @a10447@dI054@e121
    
    叙事的诗学/祖国颂著.-合肥:安徽大学出版社,2003
    418页;20cm
    
    
    ISBN 7-81052-718-5:CNY22.00
    该书分别讨论了作为交际型的叙述话语及其发生过程中的主体存在问题;小说的故事意义、小说的文学性、文学的符号性等问题;叙述的发生及结构、小说的叙述视角、小说的叙述人称等诸多内容。
●
相关链接 在E读中查询图书 在五车中查询图书 在当当中查询图书 在豆瓣中查询图书


正题名:叙事的诗学     索取号:I054/121         预约/预借

序号 登录号 条形码 馆藏地/架位号 状态 备注
1 0363789   3637899   第一样本阅览室/ [索取号:I054/121] 在馆    
2 0363790   3637906   第二借阅区/ [索取号:I054/121] 在馆    
3 0363791   3637915   第二借阅区/ [索取号:I054/121] 在馆    
4 0363792   3637924   第二借阅区/ [索取号:I054/121] 在馆    
5 0363793   3637933   第二借阅区/ [索取号:I054/121] 在馆    
唐山师范学院图书馆 欢迎您!
大连网信软件有限公司© 版权所有